Directory of cultural organizations and institutions in Asia and the Pacific, 1982. / (Record no. 136933)

MARC details
000 -LEADER
fixed length control field 00793nam a22002057a 4500
010 ## - LIBRARY OF CONGRESS CONTROL NUMBER
LC control number B-065149
035 ## - SYSTEM CONTROL NUMBER
System control number B-065149
037 ## - SOURCE OF ACQUISITION
Source of stock number/acquisition Cen Lib / Ret
040 ## - CATALOGING SOURCE
Original cataloging agency DPL
Language of cataloging EN
082 ## - DEWEY DECIMAL CLASSIFICATION NUMBER
Classification number 060
Item number DIR
110 ## - MAIN ENTRY--CORPORATE NAME
Subordinate unit Asian Cultural Centre for Unesco.
245 ## - TITLE STATEMENT
Title Directory of cultural organizations and institutions in Asia and the Pacific, 1982. /
Statement of responsibility, etc by Asian Cultural Centre for Unesco.
260 ## - PUBLICATION, DISTRIBUTION, ETC. (IMPRINT)
Place of publication, distribution, etc Tokyo
Name of publisher, distributor, etc Asian Cultural Centre for UNESCO
Date of publication, distribution, etc 1982
270 ## - ADDRESS
Address Asian Cultural Centre for UNESCO
City Tokyo
300 ## - PHYSICAL DESCRIPTION
Extent 410p ;
Other physical details 24cm(Hb)
650 ## - SUBJECT ADDED ENTRY--TOPICAL TERM
Topical term or geographic name as entry element Asia -- Learned institutions and societies -- Directories.
650 ## - SUBJECT ADDED ENTRY--TOPICAL TERM
Topical term or geographic name as entry element Pacific Area -- Learned institutions and societies -- Directories.
650 ## - SUBJECT ADDED ENTRY--TOPICAL TERM
Topical term or geographic name as entry element Learned institutions and societies.
942 ## - ADDED ENTRY ELEMENTS (KOHA)
Source of classification or shelving scheme Dewey Decimal Classification
Koha item type English Books
Classification part 060
Call number suffix DIR
Holdings
Withdrawn status Lost status Source of classification or shelving scheme Damaged status Not for loan Home library Current library Date acquired Source of acquisition Total Checkouts Full call number Barcode Date last seen Copy number Price effective from Koha item type
    Dewey Decimal Classification     Central Library Central Library 12/03/2016 Cen Lib/Ret   060 DIR B-065149 12/03/2016 1 27/07/2016 English Books

© Delhi Public Library
Hit Counter
free hit counter